| 000 | 01214nam a22003137a 4500 | ||
|---|---|---|---|
| 001 | 00571 | ||
| 003 | DO-SdBNP | ||
| 005 | 20231221075832.0 | ||
| 007 | 00571 | ||
| 008 | 160622b ag 2008| 00| 0 spa d | ||
| 020 | _a9789870409243 | ||
| 040 |
_aBPMSU _bspa _cBPMSU |
||
| 082 | 4 |
_aU863.5 _bQ8c 2008 _222 |
|
| 100 | 1 |
_aQuiroga, Horacio _d1878-1937 |
|
| 245 | 1 | 3 |
_aEl almohadón de plumas y otros cuentos / _cHoracio Quiroga ; prólogo Pablo Ramos |
| 260 |
_aBuenos Aires, Argentina : _bAguilar, _c2008. _g |
||
| 300 |
_a196 p. : _c19 cm. |
||
| 490 | 0 | _aAlfaguara | |
| 490 | 1 | _aRoja | |
| 505 | 0 | _aPara noche de insomnio -- El. triple robo de Bellamore -- El almohadón de plumas -- La insolación -- La gallina degollada -- ; A la deriva -- El alambre de púa -- El yaciyateré -- En la noche ; El hombre muerto -- La cámara oscura -- El desierto -- La señorira leona -- La bella y la bestia -- El hijo -- Las moscas réplica del "El hombre Muerto". | |
| 590 | _6Inventariado, 2023/VM | ||
| 650 | 4 | _aCuentos uruguayos | |
| 650 | 4 |
_aFamilia _vCuentos |
|
| 700 | 1 |
_aRamos, Pablo, _epról. |
|
| 830 | 0 | _aAlfaguara | |
| 830 | 0 | _aRoja | |
| 910 | _aVMateo V. Control de calidad (BPMSU) | ||
| 942 |
_2ddc _cBK |
||
| 999 |
_c10511 _d10511 |
||